Responses for Show #2963 - Wednesday, June 18, 1997

A clip from the Jeopardy! Round appears in the 1999 film She's All That.

Contestants

[<< previous game]

Chris Szymanski, a farmer from Marathon, Wisconsin

Mark Le Menager, an advertising sales representative from Bozeman, Montana

Laurie Kittle, an information developer originally from Wilkes-Barre, Pennsylvania (whose 1-day cash winnings total $11,600)

[next game >>]

Jeopardy! Round responses

PROHIBITION
NONPOTENT POTABLES
COUNTRY SINGERS
HORSES
U.S. CITIES
NUMBER, PLEASE
    $100 16
Chicago

Chris
    $100 21
grape juice

Chris
    $100 3
Crystal Gayle

Mark
    $100 1
pacing (or trotting)

Mark
    $100 11
New Orleans

Chris
    $100 22
30

Chris
    $200 17
Speakeasys

Mark
    $200 25
Fluoride

Chris
    $200 4
Mississippi

Laurie
    $200 2
(L: What is a snick?)
(Note: See clue 15 for explanation on Laurie's response...)

Star

LaurieChris
    $200 12
Las Vegas

Mark
    $200 26
9

Laurie
    $300 18
Franklin D. Roosevelt

Laurie
    $300 28
Soybeans

Chris
    $300 6
Billy Ray Cyrus

Laurie
    $300 5
Lipizzaner

Mark
    $300 13
Charleston

Laurie
    $300 27
(C: What is an armchair quarterback?)

20/20

LaurieChris
    $400 19
Jack Daniel's

Chris
    $400 30
Whey

Chris
    $400 9
Glen Campbell

Chris
    $400 7
France

Laurie
    $400 14
(C: What is Miami?)
(M: What is Tampa Bay?)

St. Petersburg

MarkChris
Triple Stumper
    $400 24
(Alex: 7 men & 2 women.)
(minute to go....)

7

Laurie
    $500 20
(C: What is the Anti-Sobriety League?)
(Alex: Big difference between the two!)

Anti-Saloon League

MarkChris
    $500 29
7 Up

Mark
    $500 10
Hank Williams, Jr.

Laurie
    $500 8
Clydesdales

Laurie
    $1,200 15
(L: No response)
(Alex: More good news, Laurie....your response of a few minutes ago on that small white patch on a horse, snick, is acceptable, so you get an extra $400.)

Buffalo

Laurie
    $500 23
90

Chris

Scores at the first commercial break (after clue 15):

Laurie Mark Chris
$1,200 $300 $300

Scores at the end of the Jeopardy! Round:

Laurie Mark Chris
$2,400 $1,500 $1,600

Double Jeopardy! Round responses

WORLD HISTORY
INTERNATIONAL ACTRESSES
INVENTORS
TRADE
AUTHORS
4-SYLLABLE WORDS
    $200 1
The Korean War

Laurie
    $200 6
Sophia Loren

Laurie
    $200 8
Johannes Gutenburg

Chris
    $200 20
Bananas

Laurie
    $200 18
Voltaire

Chris
    $200 13
Revolution

Chris
    $400 2
Joan of Arc

Mark
    $400 7
Audrey Hepburn

Mark
    $400 9
Trampoline

Mark
    $400 26
Oil

Chris
    $400 19
(L: Who is Rossellini?)

Agatha Christie

Laurie
Triple Stumper
    $400 14
Sophomoric

Chris
    $600 3
Cyprus

Laurie
    $600 24
Ontario

Mark
    $600 10
Samuel Morse

Chris
    $600 27
Gdansk

Chris
    $1,400 21
Truman Capote

Laurie
    $600 15
(Alex: Bad pun there!)

Overbearing

Triple Stumper
    $1,200 4
Iberian Peninsula

Laurie
    $800 25
(M: Who is Bergman?)

Anita Ekberg

Mark
Triple Stumper
    $800 12
Holography

Chris
    $800 28
(L: What is Import/Export Bank?)
(Alex: You had to be careful, Laurie!)

Export/Import Bank

LaurieChris
    $800 22
Booth Tarkington

Triple Stumper
    $800 16
Accelerate

Chris
    $1000 5
Egypt

Laurie
    $1000 30
Isabelle Adjani

Laurie
    $1000 11
(C: Who is Remington?)
(L: Who is Gillette?)

Col. Jacob Schick

LaurieChris
Triple Stumper
    $1000 29
Milan

Chris
    $1000 23
Evelyn Waugh

Triple Stumper
    $1000 17
Stratocaster

Mark

Scores at the end of the Double Jeopardy! Round:

Laurie Mark Chris
$6,000 $3,500 $6,600

[wagering suggestions for these scores]

Final Jeopardy! Round responses

THE PLANETS
(Alex: A narrow field.)
(Alex: By a process of elimination, you might be able to come up with this; one or the other planets obviously had 15 moons, 13 of them named for Shakespearean characters; 2 of them, Umbriel & Belinda, are not.)
...
(Alex: Cordelia, Ophelia, Bianca, Cressida, Desdemona, Juliet, Portia, Rosalind, Puck, Miranda, Ariel, Titania and Oberon are the lucky 13. We'll see you all tomorrow!)
MarkWhat is Uranus
$3,400
LaurieWhat is Neptune
$5,900
ChrisWhat is Uranus?
$6,000
Uranus

Final scores:

Laurie Mark Chris
$100 $6,900 $12,600
3rd place: Towle Silversmiths Flatware Set 2nd place: Broyhill Candlewood Living Room Furniture & Samsung TV-VCR Combo New champion: $12,600

Game dynamics:

Coryat scores:

Laurie Mark Chris
$6,000 $3,500 $6,600
19 R
(including 2 DDs),
4 W
(including 1 DD)
12 R,
2 W
22 R,
4 W

Combined Coryat: $16,100

[game clues] [game scores] [suggest correction]

Game tape date: 1997-02-04
The J! Archive is created by fans, for fans. Scraping, republication, monetization, and malicious use prohibited; this site may use cookies and collect identifying information. See terms. The Jeopardy! game show and all elements thereof, including but not limited to copyright and trademark thereto, are the property of Jeopardy Productions, Inc. and are protected under law. This website is not affiliated with, sponsored by, or operated by Jeopardy Productions, Inc. Join the discussion at JBoard.tv.